|
|
|
|
| LEADER |
02398nam a22004695i 4500 |
| 001 |
978-1-4471-5469-3 |
| 003 |
DE-He213 |
| 005 |
20151103121825.0 |
| 007 |
cr nn 008mamaa |
| 008 |
140113s2014 xxk| s |||| 0|eng d |
| 020 |
|
|
|a 9781447154693
|9 978-1-4471-5469-3
|
| 024 |
7 |
|
|a 10.1007/978-1-4471-5469-3
|2 doi
|
| 040 |
|
|
|d GrThAP
|
| 050 |
|
4 |
|a RD1-811
|
| 072 |
|
7 |
|a MN
|2 bicssc
|
| 072 |
|
7 |
|a MED085000
|2 bisacsh
|
| 082 |
0 |
4 |
|a 617
|2 23
|
| 245 |
1 |
0 |
|a Lower Abdominal and Perineal Surgery
|h [electronic resource] /
|c edited by Brendon J. Coventry.
|
| 264 |
|
1 |
|a London :
|b Springer London :
|b Imprint: Springer,
|c 2014.
|
| 300 |
|
|
|a XXI, 136 p. 2 illus. in color.
|b online resource.
|
| 336 |
|
|
|a text
|b txt
|2 rdacontent
|
| 337 |
|
|
|a computer
|b c
|2 rdamedia
|
| 338 |
|
|
|a online resource
|b cr
|2 rdacarrier
|
| 347 |
|
|
|a text file
|b PDF
|2 rda
|
| 490 |
1 |
|
|a Surgery: Complications, Risks and Consequences
|
| 505 |
0 |
|
|a Introduction -- Colorectal Surgery -- Anal Surgery -- Pilonidal Sinus Surgery -- Penile, Scrotal, Testicular Surgery.
|
| 520 |
|
|
|a Written by internationally acclaimed specialists, Lower Abdominal and Perineal Surgery provides pertinent and concise procedure descriptions spanning benign and malignant problems and minimally invasive procedures. Complications are reviewed when appropriate for the organ system and problem, creating a book that is both comprehensive and accessible. Stages of operative approaches with relevant technical considerations are outlined in an easily understandable manner. Forming part of the series, Surgery: Complications, Risks and Consequences, this volume Lower Abdominal and Perineal Surgery provides a valuable resource for all general surgeons and residents in training. Other healthcare providers will also find this a useful resource.
|
| 650 |
|
0 |
|a Medicine.
|
| 650 |
|
0 |
|a Surgery.
|
| 650 |
|
0 |
|a Abdominal surgery.
|
| 650 |
1 |
4 |
|a Medicine & Public Health.
|
| 650 |
2 |
4 |
|a Surgery.
|
| 650 |
2 |
4 |
|a Abdominal Surgery.
|
| 650 |
2 |
4 |
|a General Surgery.
|
| 700 |
1 |
|
|a Coventry, Brendon J.
|e editor.
|
| 710 |
2 |
|
|a SpringerLink (Online service)
|
| 773 |
0 |
|
|t Springer eBooks
|
| 776 |
0 |
8 |
|i Printed edition:
|z 9781447154686
|
| 830 |
|
0 |
|a Surgery: Complications, Risks and Consequences
|
| 856 |
4 |
0 |
|u http://dx.doi.org/10.1007/978-1-4471-5469-3
|z Full Text via HEAL-Link
|
| 912 |
|
|
|a ZDB-2-SME
|
| 950 |
|
|
|a Medicine (Springer-11650)
|